| 000 | 00000nam##2200000za#4500 |
| 001 | 9.628068 |
| 003 | CaOODSP |
| 005 | 20210615105553 |
| 007 | ta |
| 008 | 150406|2003||||xxc||||| f|0| 0 fre|d |
| 040 | |aCaOODSP|bfre |
| 043 | |an-cn--- |
| 086 | 1 |aH50-3/162-2003F |
| 110 | 1 |aCanada. |bSanté Canada. |
| 245 | 13|aLa maladie mangeuse de chair |
| 260 | |bSanté Canada |cJanvier 2003. |
| 300 | |a[2]p. ; |c28 cm. |
| 490 | 1 |aVotre santé et vous |
| 563 | |aPolycopié |
| 590 | |a08-46|b2008-11-14 |
| 775 | 08|tFlesh-eating disease |w(CaOODSP)9.619113 |
| 776 | 0#|tLa maladie mangeuse de chair |w(CaOODSP)9.596775 |
| 830 | #0|aVotre santé et vous.|w(CaOODSP)9.513096 |